书目信息 |
| 书名: | Principles of mathematical analysis | |
| 作者: | ||
| 分册号: | ||
| 分册名: | 出版地: |
|
| 出版社: | ||
| 出版时间: | [1976]. | |
| 页数: | x, 342 p. ; | |
| 开本: | 28 cm. | |
| 丛书名: | ||
| 中图分类号: | ||
| 科图分类号: | ||
| 其他分类号: | O17:H31 | |
| 主题词: | ||
| 电子资源: | ||
| 000 | 00681pam 2200241 i 4504 | |
| 001 | E0731410875 | |
| 005 | 20070726110207.48 | |
| 008 | 030926s1976 nyu b 00110 eng | |
| 010 | @a75017903 | |
| 020 | @cCNY1.60. | |
| 035 | @a0190-29260 | |
| 050 | 00 | @aQA300@b.R8 1976 |
| 090 | @aP152/W7/1976 | |
| 090 | @aO17:H31 | |
| 099 | @dO17:H31@ex45 | |
| 100 | 1 | @aRudin, Walter,@d1921- |
| 245 | 10 | @aPrinciples of mathematical analysis. |
| 260 | @c[1976]. | |
| 300 | @ax, 342 p. ;@c28 cm. | |
| 490 | 0 | @aInternational series in pure and applied mathematics. |
| 500 | @aIncludes index. | |
| 504 | @aBibliography: p. [335]-336. | |
| 650 | 0 | @aMathematical analysis. |
| Principles of mathematical analysis.-[1976]. |
| x, 342 p. ; ; 28 cm.- (International series in pure and applied mathematics. ) |
| Includes index.-Bibliography: p. [335]-336. |
| ISBN CNY1.60. |
| ● |
| 相关链接 |
|
|
|
|
正题名:Principles of mathematical analysis
索取号:O17:H31/x45
 
预约/预借
| 序号 | 登录号 | 条形码 | 馆藏地/架位号 | 状态 | 备注 |
| 1 | 14009 | 300140096 | 密集书库/ [索取号:O17:H31/x45] | 在馆 | |
| 2 | 4807 | 202462646 | 第四借阅区/ [索取号:O17:H31/x45] | 在馆 | |
| 3 | 48308 | 202200885 | 第四借阅区/ [索取号:O17:H31/x45] | 在馆 |